| 000 | 00696nam a22002057a 4500 | ||
|---|---|---|---|
| 999 |
_c19918 _d19918 |
||
| 003 | AR-CdUCM | ||
| 008 | 190523b ||||| |||| 00| 0 spa d | ||
| 040 |
_aMUNICIPALIDAD PROVINCIAL DEL CUSCO _cBIBLIOTECA MUNICIPAL DEL CUSCO |
||
| 082 |
_a869.56 / _bC89 |
||
| 100 |
_aCuadros, Juan Manuel _941633 |
||
| 245 | _aTres relatos de mi tierra / | ||
| 260 |
_aArequipa : _bUniversitaria, _c1950. |
||
| 300 |
_a89 páginas _bIlustraciones, _c22 cm. |
||
| 505 | _aContenido: Con lanza y bandera -- El Rudecindo y la Tomasa -- Nadie sabe para quien trabaja... | ||
| 650 |
_aRelatos _9195 |
||
| 650 |
_aCuentos _9217 |
||
| 650 |
_aHistoria _9246 |
||
| 942 |
_2ddc _cLIBROS |
||
| 945 |
_aJavier _d2019-05-23 |
||